[Event "8th ch-Euro"]
[Site "Dresden GER"]
[Date "2007.04.04"]
[Round "2"]
[White "Pert,R"]
[Black "Hartoch,R"]
[Result "1-0"]
[WhiteElo "2450"]
[BlackElo "2242"]
[EventDate "2007.04.03"]

1. e4 d6 2. Nc3 Nf6 3. Bc4 c6 4. Bb3 b5 5. a3 g6 6. d4 Bg7 7. Bg5 h6 8. Bh4
O-O 9. f4 Na6 10. Nf3 Nc7 11. O-O d5 12. e5 Ne4 13. Qe1 Nxc3 14. Qxc3 Qd7
15. Rae1 f5 16. exf6 exf6 17. f5 g5 18. Bg3 Rf7 19. h4 g4 20. Nd2 h5 21.
Bf4 Bb7 22. Qg3 Re8 23. c3 Rfe7 24. Bxc7 Rxe1 25. Rxe1 Rxe1+ 26. Qxe1 Qxc7
27. Qe8+ Bf8 28. Qg6+ Bg7 29. Qe8+ Bf8 30. Qg6+ Bg7 31. Qxh5 Qf4 32. Qe8+
Kh7 33. Qg6+ Kg8 34. Nf1 Kf8 35. Bd1 g3 36. Nxg3 Qc1 37. Kh2 Qf4 38. Bh5
1-0

[Event "8th ch-Euro"]
[Site "Dresden GER"]
[Date "2007.04.04"]
[Round "2"]
[White "Logothetis,S"]
[Black "Lobzhanidze,D"]
[Result "1/2-1/2"]
[WhiteElo "2221"]
[BlackElo "2446"]
[EventDate "2007.04.03"]

1. d4 Nf6 2. c4 e6 3. Nf3 b6 4. g3 Ba6 5. b3 Bb4+ 6. Bd2 Be7 7. Bg2 c6 8.
Bc3 d5 9. Ne5 Nfd7 10. Nxd7 Nxd7 11. Nd2 O-O 12. O-O Rc8 13. e4 dxe4 14.
Nxe4 b5 15. Re1 bxc4 16. Bf1 Nf6 17. bxc4 Nxe4 18. Rxe4 c5 19. d5 Bf6 20.
Bxf6 Qxf6 21. Rf4 Qe5 22. Qe1 Qxe1 23. Rxe1 exd5 24. cxd5 Bxf1 25. Kxf1
Rcd8 26. Re7 Rxd5 27. Rxa7 g5 28. Re4 Rb8 29. Rc7 Rb1+ 30. Kg2 Rb2 31. Re3
Rf5 32. Rf3 Rxf3 33. Kxf3 Rxa2 34. Rxc5 h6 35. g4 1/2-1/2

[Event "8th ch-Euro"]
[Site "Dresden GER"]
[Date "2007.04.04"]
[Round "2"]
[White "Gutman,L"]
[Black "Lochte,T"]
[Result "1-0"]
[WhiteElo "2464"]
[BlackElo "2221"]
[EventDate "2007.04.03"]

1. Nf3 Nf6 2. g3 g6 3. Bg2 Bg7 4. O-O O-O 5. d4 c5 6. dxc5 Na6 7. Be3 Qc7
8. Nc3 Nxc5 9. Nb5 Qb6 10. c4 a6 11. b4 axb5 12. Bxc5 Qe6 13. Nd4 Qxc4 14.
Qd2 d6 15. Rfc1 dxc5 16. Rxc4 bxc4 17. bxc5 Rd8 18. Qb2 Rxd4 19. Qxd4 Nd7
20. Qd1 Bxa1 21. Qxa1 Nxc5 22. Qd4 Ne6 23. Qxc4 Bd7 24. Bxb7 Ra4 25. Qd5
Rd4 26. Qa5 Ra4 27. Qd2 Nc5 28. h4 e5 29. Qd6 Rc4 30. Bd5 Rc1+ 31. Kh2 Rc2
32. Qb8+ Kg7 33. Qxe5+ Kf8 34. h5 gxh5 35. Qxh5 Ne6 36. Bb3 Rc5 37. Qxh7
Ng5 38. Qh8+ Ke7 39. Qd4 Rc6 40. Qe5+ Ne6 41. f3 Rc5 42. Qe3 Rh5+ 43. Kg2
f6 44. Bc4 Re5 45. Qa3+ 1-0

[Event "8th ch-Euro"]
[Site "Dresden GER"]
[Date "2007.04.04"]
[Round "2"]
[White "Landenbergue,C"]
[Black "Sejkora,V"]
[Result "1-0"]
[WhiteElo "2450"]
[BlackElo "2213"]
[EventDate "2007.04.03"]

1. e4 c6 2. c4 g6 3. Nc3 Bg7 4. d4 d6 5. Be3 Nf6 6. f3 O-O 7. Qd2 a6 8. a4
Nbd7 9. a5 b5 10. axb6 Qxb6 11. Bd3 Rb8 12. Na4 Qc7 13. Ne2 e5 14. d5 c5
15. O-O Nh5 16. Rab1 Rb4 17. Qc2 Qd8 18. Bd2 Rb8 19. b4 cxb4 20. Rxb4 Qc7
21. Rxb8 Qxb8 22. Be3 Qc7 23. c5 dxc5 24. Nxc5 Nf4 25. Rc1 Nxd3 26. Qxd3
Qa5 27. Nb3 Qa3 28. Ra1 Qd6 29. Na5 f5 30. Rc1 fxe4 31. fxe4 Bf6 32. Rc6
Qb4 33. Bd2 Qa4 34. Qc2 Qa1+ 35. Qc1 Qxc1+ 36. Rxc1 Be7 37. Be3 Nf6 38. Ng3
h5 39. Nc6 Bd6 40. Bg5 Kg7 41. h4 Bd7 42. Be3 Ng4 43. Bc5 Bxc5+ 44. Rxc5
Bxc6 45. dxc6 Rc8 46. Nf1 Kf8 47. Nd2 Nf6 48. Nc4 Nxe4 49. Rxe5 Nc3 50. Re6
Nd5 51. Ne5 Re8 52. Nxg6+ Kf7 53. Rd6 Nf6 54. Nf4 Re1+ 55. Kf2 Rc1 56. Ke3
Ke7 57. Re6+ Kf7 58. c7 Nd5+ 59. Kd2 Nxc7 60. Rh6 Rc4 61. g3 Ne8 62. Rxh5
Ra4 63. Rf5+ Kg7 64. h5 Nf6 65. h6+ Kxh6 66. Rxf6+ Kg5 67. Rg6+ Kf5 68. Rg8
a5 69. Ke3 Ra3+ 70. Nd3 a4 71. g4+ Kf6 72. Ke4 Ra2 73. g5+ Kf7 74. Ra8 Rg2
75. Kf5 Rg3 76. Ne5+ Kg7 77. Rxa4 1-0

[Event "8th ch-Euro"]
[Site "Dresden GER"]
[Date "2007.04.04"]
[Round "2"]
[White "Zeller,F"]
[Black "Van Hoolandt,P"]
[Result "1-0"]
[WhiteElo "2430"]
[BlackElo "2257"]
[EventDate "2007.04.03"]

1. e4 e5 2. f4 exf4 3. Nf3 g5 4. Nc3 d6 5. d4 Nc6 6. d5 Ne5 7. Bb5+ Bd7 8.
Bxd7+ Kxd7 9. h4 g4 10. Nxe5+ dxe5 11. Qxg4+ Ke8 12. g3 Nh6 13. Qh5 Qf6 14.
gxf4 exf4 15. e5 Qg6 16. Qxg6 hxg6 17. Bxf4 Nf5 18. Nb5 Kd7 19. O-O-O Bh6
20. e6+ fxe6 21. dxe6+ Kc6 22. Bxh6 Rxh6 23. c4 a6 24. Nc3 Re8 25. Rhe1
Rxh4 26. b3 Rd4 27. Rxd4 Nxd4 28. e7 Nf5 29. Nd5 Kd6 30. Rd1 Kc5 31. Kb2 c6
32. Nf6 Rxe7 33. Nd7+ Rxd7 34. Rxd7 b5 35. Kc3 a5 36. Ra7 Kb6 37. Ra8 Nd6
38. Rg8 bxc4 39. Rxg6 Nb5+ 40. Kxc4 Na3+ 41. Kd3 Nb5 42. a4 Nc7 43. Kc4 Nd5
44. Re6 Nb4 45. Re5 Na6 46. Re8 Kb7 47. Kd4 Nb4 48. Ke5 Nd3+ 49. Kd6 Nc1
50. Re7+ Kb6 51. Rc7 Nxb3 52. Rxc6+ Kb7 53. Kd5 Nd2 54. Rc3 Ka6 55. Rd3 Nf1
56. Rf3 Nd2 57. Rf6+ Kb7 58. Rf2 1-0

[Event "8th ch-Euro"]
[Site "Dresden GER"]
[Date "2007.04.04"]
[Round "2"]
[White "Alsina Leal,D"]
[Black "Srienz,C"]
[Result "1-0"]
[WhiteElo "2430"]
[BlackElo "2208"]
[EventDate "2007.04.03"]

1. e4 e6 2. d4 d5 3. Nc3 Bb4 4. e5 c5 5. a3 Ba5 6. b4 cxd4 7. Qg4 Kf8 8.
bxa5 dxc3 9. a4 f5 10. Ba3+ Kf7 11. Qg3 Ne7 12. Be2 Nbc6 13. Nh3 Qxa5 14.
Bh5+ Kg8 15. O-O Bd7 16. Rfb1 Qc7 17. Bd6 Qc8 18. Qxc3 Ng6 19. a5 Nd8 20.
Qg3 Nf7 21. Bxg6 Nxd6 22. Bxh7+ Rxh7 23. exd6 b5 24. axb6 axb6 25. Ng5 Rh6
26. Rxa8 Qxa8 27. Qe5 Qd8 28. f4 Rf6 29. h3 Rf8 30. Kh2 b5 31. Nxe6 Qf6 32.
Nxf8 Qxe5 33. fxe5 Kxf8 34. Kg3 Kf7 35. Kf4 Ke6 36. h4 Bc6 37. c3 Bd7 38.
Ra1 Bc6 39. Ra7 d4 40. Re7+ Kd5 41. d7 1-0

[Event "8th ch-Euro"]
[Site "Dresden GER"]
[Date "2007.04.04"]
[Round "2"]
[White "Sanikidze,T"]
[Black "Natsidis,C"]
[Result "1-0"]
[WhiteElo "2446"]
[BlackElo "2183"]
[EventDate "2007.04.03"]

1. d4 d5 2. c4 c6 3. Nf3 Nf6 4. Nc3 dxc4 5. a4 Nd5 6. a5 Nd7 7. e4 Nxc3 8.
bxc3 Nf6 9. Qc2 e6 10. Bxc4 Be7 11. O-O O-O 12. Rd1 Bd7 13. Ne5 Qc7 14. Bf4
Bd6 15. Bg5 Bxe5 16. dxe5 Ng4 17. Be7 Rfe8 18. Bd6 Qd8 19. h3 Nh6 20. Qd2
Qh4 21. Qe3 Bc8 22. Bf1 f6 23. exf6 gxf6 24. Bg3 Qh5 25. Be2 Qg6 26. Qc5 e5
27. a6 Qf7 28. axb7 Qxb7 29. Rd6 Be6 30. Rxe6 Rxe6 31. Bc4 Qd7 32. Ra6 Nf7
33. Bxe6 Qxe6 34. Rxc6 Qe8 35. Rxf6 a5 36. Qd5 Ra7 37. Rf5 a4 38. Bxe5 h6
39. Bd4 1-0

[Event "8th ch-Euro"]
[Site "Dresden GER"]
[Date "2007.04.04"]
[Round "2"]
[White "Figura,A"]
[Black "Kayser,Fe"]
[Result "1-0"]
[WhiteElo "2408"]
[BlackElo "2194"]
[EventDate "2007.04.03"]

1. d4 d5 2. c4 dxc4 3. Nf3 Nf6 4. e3 e6 5. Bxc4 c5 6. O-O a6 7. Bb3 b5 8.
a4 Bb7 9. Qe2 c4 10. Bc2 Nc6 11. Nc3 b4 12. Ne4 Na5 13. Nxf6+ gxf6 14. e4
Be7 15. Bd2 Qc7 16. Rac1 Rc8 17. d5 b3 18. Bb1 exd5 19. exd5 Bxd5 20. Bc3
Be6 21. Nd4 Nc6 22. Nxe6 fxe6 23. Qxe6 Nd8 24. Qh3 Nf7 25. Rfe1 Kf8 26.
Rxe7 Kxe7 27. Re1+ Kf8 28. Bxf6 Rg8 29. Bxh7 Rg5 30. Bxg5 Nxg5 31. Qh6+ Qg7
32. Qd6+ 1-0

[Event "8th ch-Euro"]
[Site "Dresden GER"]
[Date "2007.04.04"]
[Round "2"]
[White "Leiber,B"]
[Black "Ris,R"]
[Result "0-1"]
[WhiteElo "2172"]
[BlackElo "2403"]
[EventDate "2007.04.03"]

1. d4 d5 2. Nf3 c6 3. g3 Nf6 4. Bg2 Bf5 5. O-O Nbd7 6. b3 e6 7. c4 Be7 8.
Nc3 O-O 9. Bf4 h6 10. Ne5 Bb4 11. Qc1 Qa5 12. Nxd7 Nxd7 13. Bd2 Qa3 14. Qe1
dxc4 15. e4 Bh7 16. Qe2 Bxc3 17. Bxc3 cxb3 18. Qd2 Qe7 19. axb3 Rfd8 20.
Rfe1 Nf6 21. Qb2 Nd7 22. Ra5 f6 23. f4 Kh8 24. g4 c5 25. Qa3 b6 26. Rxa7
Rxa7 27. Qxa7 cxd4 28. Bxd4 Qb4 29. Bf2 Nc5 30. Qe7 Rd2 31. f5 Bg8 32. Rf1
e5 33. h4 Rxf2 34. Rxf2 Qd4 35. Qa7 Nd3 0-1

[Event "8th ch-Euro"]
[Site "Dresden GER"]
[Date "2007.04.04"]
[Round "2"]
[White "Windelband,J"]
[Black "Brener,I"]
[Result "1/2-1/2"]
[WhiteElo "2174"]
[BlackElo "2413"]
[EventDate "2007.04.03"]

1. e4 c5 2. Nf3 Nc6 3. d4 cxd4 4. Nxd4 Nf6 5. Nc3 e5 6. Ndb5 d6 7. Bg5 a6
8. Na3 b5 9. Bxf6 gxf6 10. Nd5 Bg7 11. c3 f5 12. exf5 Bxf5 13. Nc2 O-O 14.
Nce3 Bd7 15. Bd3 f5 16. Bc2 Kh8 17. O-O e4 18. Nf4 Be5 19. Ned5 Qh4 20. g3
Qh6 21. Qh5 Qxh5 22. Nxh5 Rab8 23. f4 exf3 24. Rxf3 Na5 25. Rf2 b4 26. Nxb4
Nc4 27. Nf4 a5 28. Nbd3 Nxb2 29. Nxe5 dxe5 30. Nd3 Nxd3 31. Bxd3 e4 32. Bf1
Rfe8 33. Re1 Re5 34. Rd2 Bc6 35. Kf2 Rc5 36. c4 Be8 37. Ke3 Bf7 38. Rc1 Kg7
39. Kf4 Kf6 40. Be2 Be6 41. Bf1 1/2-1/2

[Event "8th ch-Euro"]
[Site "Dresden GER"]
[Date "2007.04.04"]
[Round "2"]
[White "Georgiadis,I"]
[Black "Kregelin,J"]
[Result "1-0"]
[WhiteElo "2388"]
[BlackElo "2181"]
[EventDate "2007.04.03"]

1. e4 c6 2. d4 d5 3. e5 Bf5 4. c4 e6 5. Nc3 Nd7 6. a3 dxc4 7. Bxc4 Ne7 8.
Nge2 Bg6 9. Bg5 Qc7 10. O-O h6 11. Bxe7 Bxe7 12. Nf4 Bf5 13. g4 Nb6 14.
gxf5 Nxc4 15. fxe6 Bg5 16. Ng2 Nd2 17. f4 Nxf1 18. fxg5 Nxh2 19. g6 O-O-O
20. Nb5 Nf3+ 21. Qxf3 cxb5 22. gxf7 Qb6 23. e7 1-0

[Event "8th ch-Euro"]
[Site "Dresden GER"]
[Date "2007.04.04"]
[Round "2"]
[White "Kongevold,H"]
[Black "Khmelniker,I"]
[Result "1/2-1/2"]
[WhiteElo "2178"]
[BlackElo "2411"]
[EventDate "2007.04.03"]

1. c4 Nf6 2. Nf3 g6 3. Nc3 d5 4. Qa4+ Bd7 5. Qb3 dxc4 6. Qxc4 Bg7 7. g3 O-O
8. Bg2 Nc6 9. O-O h6 10. d4 Be6 11. Qd3 Qd7 12. Bf4 g5 13. Ne5 Qxd4 14.
Nxc6 Qxd3 15. Nxe7+ Kh8 16. exd3 gxf4 17. Ned5 Nxd5 18. Nxd5 fxg3 19. hxg3
Rad8 20. Nxc7 Bg4 21. Nd5 Be2 22. Rfe1 Bxd3 23. Rad1 Bf5 24. b3 Rfe8 25.
Ne3 Bd3 26. Rc1 Rd7 27. Bh3 Rde7 28. Red1 Bb2 29. Rc8 Rxc8 30. Bxc8 Be4 31.
Rd8+ Kh7 32. Bf5+ Bxf5 33. Nxf5 Rc7 34. Kg2 Kg6 1/2-1/2

[Event "8th ch-Euro"]
[Site "Dresden GER"]
[Date "2007.04.04"]
[Round "2"]
[White "Wippermann,T"]
[Black "Jaenig,R"]
[Result "0-1"]
[WhiteElo "2403"]
[BlackElo "2176"]
[EventDate "2007.04.03"]

1. e4 c5 2. Nf3 e6 3. d4 cxd4 4. Nxd4 Bc5 5. Nb3 Bb6 6. Nc3 Ne7 7. Bf4 d5
8. exd5 Nxd5 9. Nxd5 Qxd5 10. Qxd5 exd5 11. Bd6 Be6 12. Nc5 Bxc5 13. Bxc5
Nc6 14. Bb5 a6 15. Be2 O-O-O 16. O-O-O Rhe8 17. Rhe1 Bf5 18. Bb6 Rd6 19.
Bf3 Rxe1 20. Rxe1 Re6 21. Rxe6 fxe6 22. Bc5 Ne5 23. Be2 g5 24. Kd2 Kd7 25.
b3 g4 26. c3 Kc6 27. Be3 Nf7 28. c4 dxc4 29. Bxc4 Nd6 30. Bf1 Ne4+ 31. Kc1
Nc3 32. a3 b5 33. Bd4 Ne4 34. Kb2 Kd5 35. Be3 Kc6 36. Be2 Nf6 37. Kc3 Nd5+
38. Kd4 Kd6 39. f4 gxf3 40. Bxf3 e5+ 0-1

[Event "8th ch-Euro"]
[Site "Dresden GER"]
[Date "2007.04.04"]
[Round "2"]
[White "Geske,J"]
[Black "Ardeleanu,A"]
[Result "0-1"]
[WhiteElo "2139"]
[BlackElo "2407"]
[EventDate "2007.04.03"]

1. e4 c5 2. Nf3 a6 3. Nc3 d6 4. d4 cxd4 5. Nxd4 Nf6 6. Bc4 e6 7. Bb3 b5 8.
Bg5 Be7 9. Qf3 Qb6 10. O-O-O O-O 11. g4 Nbd7 12. Be3 Ne5 13. Qg3 Qb7 14. f4
Nc4 15. e5 dxe5 16. fxe5 Ne4 17. Nxe4 Qxe4 18. Bxc4 bxc4 19. g5 Rb8 20. Kb1
a5 21. h4 c3 22. Bc1 cxb2 23. Be3 Bb7 24. Rh2 Bd5 25. h5 a4 26. Rh4 Bxa2+
27. Kxa2 Qd5+ 28. Kb1 a3 0-1

[Event "8th ch-Euro"]
[Site "Dresden GER"]
[Date "2007.04.04"]
[Round "2"]
[White "Danilov,I"]
[Black "Kaphle,St"]
[Result "1-0"]
[WhiteElo "2405"]
[BlackElo "2128"]
[EventDate "2007.04.03"]

1. d4 Nf6 2. c4 c5 3. d5 e6 4. Nc3 exd5 5. cxd5 d6 6. Nf3 g6 7. g3 Bg7 8.
Bg2 O-O 9. O-O a6 10. a4 Re8 11. Nd2 Nbd7 12. Re1 Rb8 13. Nc4 Nb6 14. Na3
Bd7 15. a5 Nc8 16. Nc4 Bb5 17. Qb3 Bxc4 18. Qxc4 b5 19. axb6 Nxb6 20. Qd3
c4 21. Qc2 Nfd7 22. e4 Nc5 23. Be3 Nbd7 24. Bf1 Rb4 25. f4 Qc7 26. Bf2 Qb7
27. Ra2 Rc8 28. Rd1 Nd3 29. Bxd3 cxd3 30. Qxd3 Rxb2 31. Rxb2 Qxb2 32. Na4
Qb5 33. Qxb5 axb5 34. Nb6 Nxb6 35. Bxb6 Bf6 36. e5 dxe5 37. fxe5 Bd8 38.
Bf2 Kf8 39. Rb1 Rb8 40. Bc5+ Ke8 41. Kf2 Bc7 42. Bd4 Kd7 43. Ke3 Re8 44.
Ke4 Bxe5 45. Bxe5 f6 46. Rxb5 Rxe5+ 47. Kd4 h5 48. Rb7+ Kc8 49. Rg7 Re2 50.
h4 g5 51. hxg5 fxg5 52. Rxg5 Rh2 53. Kc5 h4 54. Rg8+ Kd7 55. Rg7+ Kd8 56.
Kc6 h3 57. Rg8+ Ke7 58. d6+ Ke6 59. Re8+ Kf7 60. d7 Rc2+ 61. Kb5 1-0

[Event "8th ch-Euro"]
[Site "Dresden GER"]
[Date "2007.04.04"]
[Round "2"]
[White "Minescu,D"]
[Black "Kuba,G"]
[Result "0-1"]
[WhiteElo "2164"]
[BlackElo "2403"]
[EventDate "2007.04.03"]

1. c4 e5 2. g3 Nf6 3. Bg2 h6 4. Nc3 Bb4 5. Nf3 Bxc3 6. bxc3 e4 7. Nd4 O-O
8. O-O Re8 9. d3 b6 10. a4 Bb7 11. a5 Na6 12. Ba3 Qc8 13. Rb1 Re5 14. Rb5
c5 15. axb6 axb6 16. Nc2 exd3 17. exd3 Bxg2 18. Kxg2 Nc7 19. Rb3 d5 20.
cxd5 Ncxd5 21. c4 Ne7 22. Bb2 Re6 23. Qf3 Rb8 24. Ra1 Nc6 25. Bc3 Nd7 26.
Ne3 Nce5 27. Bxe5 Nxe5 28. Qd5 Qc7 29. Ra8 Nc6 30. Rxb8+ Qxb8 31. Ra3 g6
32. Kg1 Kg7 33. h4 Rd6 34. Qe4 Re6 35. Qd5 Nb4 36. Qf3 Rd6 37. Ng2 Qe8 38.
Kh2 Nc2 39. Ra7 Nd4 40. Qb7 Rf6 41. Nf4 Qe1 42. Ra2 Qd1 43. Qe4 Nf3+ 44.
Kg2 Nxh4+ 45. gxh4 Qg4+ 46. Kf1 Rxf4 47. Qe5+ Rf6 48. Rb2 Qxh4 49. Ke1 Kh7
50. Re2 Qf4 51. Qxf4 Rxf4 52. Re7 h5 53. Rb7 Rf6 0-1

[Event "8th ch-Euro"]
[Site "Dresden GER"]
[Date "2007.04.04"]
[Round "2"]
[White "Butnorius,A"]
[Black "Gnirk,T"]
[Result "1/2-1/2"]
[WhiteElo "2402"]
[BlackElo "2131"]
[EventDate "2007.04.03"]

1. d4 Nf6 2. Nf3 c5 3. d5 g6 4. Nc3 d6 5. e4 Bg7 6. Be2 O-O 7. O-O Na6 8.
Bf4 Nh5 9. Be3 f5 10. exf5 gxf5 11. Ng5 Nf6 12. Qd2 Nc7 13. a4 Bd7 14. Nh3
Qe8 15. Bh6 Bxh6 16. Qxh6 Qg6 17. Qxg6+ hxg6 18. Rfe1 Nfxd5 19. Nxd5 Nxd5
20. Bc4 e6 21. Ng5 Rae8 22. Nxe6 Bxe6 23. Rxe6 Rxe6 24. Bxd5 Rfe8 25. Re1
Kf7 1/2-1/2

[Event "8th ch-Euro"]
[Site "Dresden GER"]
[Date "2007.04.04"]
[Round "2"]
[White "Zelbel,P"]
[Black "Can,E"]
[Result "0-1"]
[WhiteElo "2123"]
[BlackElo "2409"]
[EventDate "2007.04.03"]

1. e4 e6 2. d4 d5 3. Nd2 Nf6 4. e5 Nfd7 5. Bd3 c5 6. c3 Nc6 7. Ne2 cxd4 8.
cxd4 f6 9. exf6 Qxf6 10. Nf3 h6 11. O-O Bd6 12. Ng3 O-O 13. Bc2 Rd8 14. Re1
Nf8 15. Ne5 Qh4 16. Nf3 Qf6 17. Ne5 Bxe5 18. dxe5 Qh4 19. f4 Bd7 20. Be3
Rac8 21. Rc1 b6 22. Qd2 Be8 23. Bf2 Qe7 24. f5 Qb4 25. Qxb4 Nxb4 26. Bb1
Bb5 27. fxe6 Nxe6 28. Nf5 Rxc1 29. Rxc1 Bd3 30. Bxd3 Nxd3 31. Rc6 Re8 32.
Nd6 Rf8 33. Rc8 Nxe5 34. Rxf8+ Kxf8 35. Kf1 Nc6 36. Nf5 Kf7 37. Ke2 Kf6 38.
Ne3 Nf4+ 39. Kd2 Ke6 40. Bg3 Ng6 41. Be1 d4 42. Nd1 Ke5 43. b3 Nf4 44. g3
Nh3 45. Ke2 Ke4 46. Nb2 Ne5 47. Bb4 d3+ 48. Ke1 Ng5 49. Bc3 Ngf3+ 50. Kd1
g5 51. a4 Ng4 52. a5 b5 53. a6 Ne3+ 54. Kc1 Nd5 55. Bd2 Nxh2 56. Be1 Nf3
57. Bf2 Nd4 58. Nd1 Nxb3+ 59. Kb2 Nd4 60. Bg1 Nc7 61. Nf2+ Ke3 0-1

[Event "8th ch-Euro"]
[Site "Dresden GER"]
[Date "2007.04.04"]
[Round "2"]
[White "Erdogdu,M"]
[Black "Kostopoulos,E"]
[Result "1-0"]
[WhiteElo "2409"]
[BlackElo "2103"]
[EventDate "2007.04.03"]

1. e4 c5 2. Nf3 d6 3. d4 cxd4 4. Nxd4 Nf6 5. Nc3 a6 6. Be3 e5 7. Nb3 Be6 8.
f3 Be7 9. Qd2 O-O 10. O-O-O Nbd7 11. g4 b5 12. g5 b4 13. Ne2 Ne8 14. h4 a5
15. Kb1 a4 16. Nbc1 b3 17. cxb3 axb3 18. Nxb3 Rxa2 19. Kxa2 Qa8+ 20. Kb1
Bxb3 21. Nc1 Bxd1 22. Qxd1 Bd8 23. Qb3 Qa5 24. Bb5 Nb6 25. Rd1 Nc7 26. Be2
Nc8 27. Na2 d5 28. exd5 Nd6 29. Qb4 Qxb4 30. Nxb4 Re8 31. Nc6 Be7 32. Bb6
Ncb5 33. Bxb5 Nxb5 34. Nxe7+ Rxe7 35. d6 Rd7 36. Rd5 Nxd6 37. Bc5 1-0

[Event "8th ch-Euro"]
[Site "Dresden GER"]
[Date "2007.04.04"]
[Round "2"]
[White "Rocha,S"]
[Black "Magar,J"]
[Result "1-0"]
[WhiteElo "2400"]
[BlackElo "2093"]
[EventDate "2007.04.03"]

1. d4 Nf6 2. Nf3 g6 3. c4 Bg7 4. Nc3 d5 5. cxd5 Nxd5 6. e4 Nxc3 7. bxc3 c5
8. Be3 Qa5 9. Qd2 cxd4 10. cxd4 Qxd2+ 11. Kxd2 O-O 12. Rc1 Nc6 13. d5 Rd8
14. Ke1 Nb4 15. Bg5 Nxa2 16. Rc7 Bg4 17. h3 Rd7 18. Rc4 Bxf3 19. gxf3 b5
20. Rc5 a6 21. Be2 b4 22. Bc4 Nc3 23. Ra5 Rc7 24. Bb3 Bd4 25. Be3 Nb5 26.
Kd2 Rc3 27. Rb1 Rac8 28. Ba4 Ra3 29. Rxa6 Bxe3+ 30. fxe3 Ra2+ 31. Ke1 Na3
32. Rc6 Ra8 33. Rxb4 Rh2 34. e5 Nb5 35. Rc5 Na3 36. d6 exd6 37. exd6 Nb1
38. d7 1-0

[Event "8th ch-Euro"]
[Site "Dresden GER"]
[Date "2007.04.04"]
[Round "2"]
[White "Spiess,Gu"]
[Black "Hutchinson,N"]
[Result "1-0"]
[WhiteElo "2398"]
[BlackElo "2110"]
[EventDate "2007.04.03"]

1. Nf3 Nf6 2. c4 e6 3. Nc3 b6 4. g3 Bb7 5. Bg2 c5 6. O-O d5 7. cxd5 exd5 8.
d4 c4 9. Ne5 Nc6 10. Qa4 Rc8 11. e4 dxe4 12. d5 Bc5 13. dxc6 Bxc6 14. Nxc6
Qd7 15. Nxe4 1-0

[Event "8th ch-Euro"]
[Site "Dresden GER"]
[Date "2007.04.04"]
[Round "2"]
[White "Atakisi,U"]
[Black "Kottwitz,D"]
[Result "1-0"]
[WhiteElo "2384"]
[BlackElo "2066"]
[EventDate "2007.04.03"]

1. e4 e6 2. d4 d5 3. Nd2 dxe4 4. Nxe4 Qd5 5. Nc3 Bb4 6. Nf3 Nf6 7. Bd3 b6
8. O-O Bxc3 9. bxc3 Ba6 10. Re1 Bxd3 11. Qxd3 O-O 12. c4 Qh5 13. a4 Nbd7
14. a5 Rfd8 15. Qa3 Qf5 16. axb6 Nxb6 17. c5 Nbd5 18. c4 Nf4 19. Bxf4 Qxf4
20. Rab1 g5 21. Qe3 Qxe3 22. fxe3 Ne4 23. Rb7 Rdc8 24. Ne5 a5 25. Nc6 Kf8
26. Na7 Rcb8 27. Rxc7 Rb4 28. Rf1 f6 29. c6 Rxc4 30. Rd7 a4 31. c7 Ke8 32.
Rxh7 Rxa7 33. c8=Q+ Rxc8 34. Rxa7 Rc4 35. Rb1 Rc8 36. Rh7 a3 37. Rh8+ Kd7
38. Rxc8 Kxc8 39. Ra1 1-0

[Event "8th ch-Euro"]
[Site "Dresden GER"]
[Date "2007.04.04"]
[Round "2"]
[White "Baer,So"]
[Black "Degtiarev,E"]
[Result "0-1"]
[WhiteElo "2121"]
[BlackElo "2393"]
[EventDate "2007.04.03"]

1. d4 Nf6 2. c4 e6 3. g3 c5 4. Nf3 cxd4 5. Nxd4 d5 6. Bg2 e5 7. Nf3 d4 8.
O-O Nc6 9. e3 Be7 10. exd4 exd4 11. Bf4 O-O 12. Ne5 Qb6 13. Qb3 Na5 14.
Qxb6 axb6 15. Nd2 Nh5 16. Nb3 Nxf4 17. gxf4 Rd8 18. Nxa5 Rxa5 19. Bd5 Kf8
20. Rfd1 f6 21. Nd3 b5 22. a3 bxc4 23. Bxc4 Bd6 24. b4 Rf5 25. Re1 Bxf4 26.
Be6 Rg5+ 27. Kh1 Bd2 28. Re2 Bxe6 29. Rxe6 Rf5 30. Rd1 Bc3 31. Kg2 Re8 32.
Rb6 h5 33. Rxb7 h4 34. h3 Rg5+ 35. Kh2 Re2 36. Rg1 Rd2 37. Rb8+ Ke7 38.
Rb7+ Kf8 39. Rb8+ Ke7 40. Rb7+ Kd6 41. Rxg5 fxg5 42. Nc5 Rxf2+ 43. Kg1 Rf3
44. Rxg7 Rg3+ 45. Kf2 Kd5 46. Rd7+ Kc4 47. Rc7 Rxh3 48. Ne4+ Kb3 49. Nxg5
Rh2+ 50. Kg1 Re2 51. Nf3 d3 52. b5 d2 53. Nxd2+ Rxd2 54. Rh7 Rd1+ 55. Kg2
Be1 56. Ra7 Rd2+ 57. Kh3 Rd3+ 58. Kg4 Rg3+ 59. Kf4 Bd2+ 60. Ke4 Rg6 61. Rd7
Be1 62. Rd1 Kc2 63. Rd7 Rh6 64. Rf7 h3 65. Rf1 Ba5 66. Rh1 h2 67. Kd5 Bb6
68. a4 Kb3 69. a5 Bxa5 70. Rb1+ Kc2 71. Rh1 Kd3 0-1

[Event "8th ch-Euro"]
[Site "Dresden GER"]
[Date "2007.04.04"]
[Round "2"]
[White "Strohhaeker,Rao"]
[Black "Grigoryan Lyell,M"]
[Result "1-0"]
[WhiteElo "2386"]
[BlackElo "2061"]
[EventDate "2007.04.03"]

1. e4 e5 2. Nf3 Nc6 3. d4 exd4 4. Nxd4 Nf6 5. Nc3 Bc5 6. Be3 Nxd4 7. Bxd4
Qe7 8. Be2 O-O 9. e5 Bxd4 10. Qxd4 Ne8 11. Nd5 Qd8 12. O-O-O d6 13. exd6
cxd6 14. Rhe1 Be6 15. Bc4 b5 16. Bxb5 Bxd5 17. Bxe8 Bxa2 18. Ba4 Be6 19. f4
Qa5 20. b3 Rac8 21. Rd2 Bf5 22. Ree2 Bg4 23. Re3 Qc5 24. Qxc5 dxc5 25. h3
Be6 26. Re5 g6 27. g4 Rb8 28. Rxc5 Rb4 29. c4 Bc8 30. Kc2 Rb7 31. Re5 h5
32. gxh5 Bxh3 33. Bc6 Rb6 34. Bd5 Kg7 35. Rh2 Bf5+ 36. Kc3 Be6 37. Be4 Rfb8
38. Bc2 Bf5 39. h6+ Kh7 40. Rxf5 gxf5 41. Bxf5+ Kh8 42. Bc2 Rf6 43. Rh4 a5
44. h7 Re6 45. Rh5 Re3+ 46. Bd3 Rf3 47. Rxa5 Rxf4 48. b4 Rf3 49. Rf5 Rh3
50. Rd5 f5 51. Rxf5 Rxh7 52. Rb5 Rxb5 53. Bxh7 Rb8 54. Be4 Kg7 55. c5 Kf6
56. Kc4 Ke7 57. b5 Kd7 58. b6 Re8 59. Bd5 Kc8 60. c6 Re1 61. Kc5 Rc1+ 62.
Kd6 Rc2 63. Be6+ Kb8 64. Bd5 Kc8 65. Be4 Rc1 66. Kd5 Rc3 67. Kd4 Rc1 68.
Bd5 Rd1+ 69. Kc5 Re1 70. Bc4 Ra1 71. Be6+ 1-0

[Event "8th ch-Euro"]
[Site "Dresden GER"]
[Date "2007.04.04"]
[Round "2"]
[White "Johansen,P"]
[Black "Ziska,H"]
[Result "0-1"]
[WhiteElo "2108"]
[BlackElo "2388"]
[EventDate "2007.04.03"]

1. d4 Nf6 2. Nf3 g6 3. e3 Bg7 4. Bd3 d6 5. b3 O-O 6. Bb2 Nbd7 7. O-O c6 8.
Nbd2 Qc7 9. Rc1 Re8 10. c4 e5 11. Bb1 h6 12. c5 dxc5 13. dxc5 b5 14. cxb6
axb6 15. Nc4 Ba6 16. Qd6 Qb7 17. Rfd1 Nd5 18. e4 Bxc4 19. exd5 Bxd5 20.
Rxd5 cxd5 21. Rc7 Qa6 22. Qxd7 Rf8 23. Bxg6 Qe2 24. Bxf7+ Kh8 25. Bc3 Rxa2
26. Be1 Ra1 27. h3 e4 28. Bxd5 Qxe1+ 29. Kh2 Be5+ 30. Nxe5 Qg1+ 31. Kg3
Qxf2+ 32. Kg4 Qxg2+ 33. Kh4 Qg5+ 0-1

[Event "8th ch-Euro"]
[Site "Dresden GER"]
[Date "2007.04.04"]
[Round "2"]
[White "Almond,R"]
[Black "Estremera Panos,S"]
[Result "0-1"]
[WhiteElo "2109"]
[BlackElo "2386"]
[EventDate "2007.04.03"]

1. d4 Nf6 2. c4 e6 3. Nc3 Bb4 4. Qc2 O-O 5. a3 Bxc3+ 6. Qxc3 b6 7. Bg5 Bb7
8. e3 d6 9. f3 Nbd7 10. Bd3 c5 11. Ne2 Rc8 12. Qb3 h6 13. Bh4 d5 14. O-O
Ba6 15. Qa4 cxd4 16. exd4 Bxc4 17. Bxc4 Rxc4 18. Qxa7 Rc2 19. Nc3 Rxb2 20.
Qa4 Qc7 21. Rfc1 Qf4 22. Nd1 b5 23. Qa7 Ra2 24. Bf2 Qd2 25. Qc7 Rxa1 26.
Rxa1 Ra8 27. Qc6 Rxa3 28. Rb1 b4 29. Qb5 b3 30. Kf1 Qc2 0-1

[Event "8th ch-Euro"]
[Site "Dresden GER"]
[Date "2007.04.04"]
[Round "2"]
[White "Pick,Stef"]
[Black "Potapov,P"]
[Result "0-1"]
[WhiteElo "2067"]
[BlackElo "2380"]
[EventDate "2007.04.03"]

1. e4 d5 2. exd5 Qxd5 3. d4 Nf6 4. Nf3 Qd6 5. c3 g6 6. Bd3 Bg7 7. O-O O-O
8. Re1 b6 9. Nbd2 Nc6 10. Qe2 Bb7 11. Nc4 Qd8 12. Bg5 h6 13. Bd2 e6 14.
Rad1 Ne7 15. Nce5 Nf5 16. Ba6 Qc8 17. Bxb7 Qxb7 18. h3 Rad8 19. Bf4 Rfe8
20. Qd2 g5 21. Bxg5 hxg5 22. Nxg5 Rf8 23. Qf4 Nh7 24. Ne4 c6 25. g4 Ne7 26.
h4 Qb8 27. Qg3 f6 28. Nd3 f5 29. Qxb8 Rxb8 30. Ng3 fxg4 31. Rxe6 Rb7 32.
Rde1 Rf7 33. Ne4 Nf8 34. Nd6 Nxe6 35. Nxb7 Rf6 36. Ne5 Nf5 37. Nxg4 Rg6 38.
f3 Nxh4 39. Kf2 Ng5 40. Re3 Ngxf3 41. Rxf3 Rxg4 42. Rg3 Rf4+ 43. Ke2 Kf8
44. Nd6 Nf5 45. Rg6 Ne7 46. Rg2 Rf6 47. Ne4 Re6 48. Kd3 Nd5 49. Rf2+ Ke8
50. a3 Bh6 0-1